| 000 | 00632nam a2200145 a 4500 | ||
|---|---|---|---|
| 008 | 081126s1995 ||||||||||||||||| || u | ||
| 050 | _aGOV.ZAM(02)1995/1 | ||
| 110 | _aThe Government of the Republic of Zambia | ||
| 245 | 1 | 0 | _aStatement by the Zambian delegation to the third African-African American summit in Dakar, Senegal, 1- 6 May, 1995 |
| 260 |
_aLusaka: _bGRZ _c1995 |
||
| 300 | _a24p. | ||
| 350 | _a0.00 | ||
| 650 | _aAFRICA, ADDRESSES--POLITICS AND GOVERNMENT | ||
| 995 |
_D0.00 _FCBU-MAIN LIBRARY (Kitwe) _H1 _I0.00 _M1 _UAVAILABLE _WNov 26, 2008 _ZZambiana Collection |
||
| 999 |
_c58244 _d58244 |
||